000 00929nam a2200301Ia 4500
001 1166
003 IT-RoPAU
008 130308s9999 xx 000 0 und d
040 _aIT-RoPAU
040 _cIT-RoPAU
041 _aITALIANO
100 _aMarie Michel
100 _gCodice Aut. SPICS: 4164
245 _aAnalisi testuale
245 _bAttraverso Il Cinema-Semiologia, Lessico, Lettura del Film
250 _a1a ed.
260 _aMILANO
260 _bLonganesi
260 _c1978 [1° Ed.:1978 - Ed.Ling.Originale:1975]
300 _a"10 p. (prefazione: no ; testo: 10 [pagine: 7-16])"
500 _aLinguaggio Cinematografico e Scrittura Filmica nozione di testo Filmico Descrizione e Analisi Scrittura e significazione una Teoria del testo Moderno
650 _aLINGUAGGIO CINEMATOGRAFICO
650 _eCodice materia Spics: 6804
942 _cBK
957 _71
999 _c51610
_d51610
999 _bSI
999 _g1